FORESTRY development in the tropics - a Malaysian experience

Bibliographic Details
Main Author: SALLEH bin Mohd. Nor
Format: Book
Published: Kuala Lumpur : Forestry Department Headquarters , 1982
Subjects:

MARC

LEADER 00000cam a2200000 7i4500
001 0000001498
005 20010717.0
090 0 0 |a JPSM 634.909595   |b SAL 1982 
100 0 0 |a SALLEH bin Mohd. Nor 
245 1 0 |a FORESTRY development in the tropics - a Malaysian experience   |c prepared by Salleh Mohd. Nor for the Conference on Forestry and Development in Asia, Bangalore, India on April 19-23, 1982 
260 0 0 |a Kuala Lumpur :   |b Forestry Department Headquarters ,   |c 1982 
300 |a 29 p. ;   |c 27 cm. 
500 0 0 |a Bibliography : p. 27-29 
650 0 0 |a Forests and forestry   |z Malaysia 
998 |a JPSM 
999 |a 0000002507   |b Monograph   |c Open Shelf   |e Default branch 
999 |a 0000005136   |b Monograph   |c Open Shelf   |e Default branch 
999 |a 0000005137   |b Monograph   |c Open Shelf   |e Default branch